000 00245 a2200097 4500
001 53010
100 _aShakespear
245 _aDictionary Urdu - English & English - Urdu
260 _aLahore
_bSang-e-Meel Publications
_c
090 _c33329
_d33329
942 _aNUST-CAE
_cM
_c25924
999 _c288083
_d288083